أغانى المناسبات الإجتماعية

محفوظ في:

المؤلف الرئيسي: يسرى الحامولى

التنسيق: كتاب

اللغة: Undetermined

منشور في: Qatar muasasat alkhalij 1991

الوسوم: إضافة وسم

لا توجد وسوم, كن أول من يضع وسما على هذه التسجيلة!

رقم الطلب:

LEADER 00314nam a2200109Ia 4500
008 240503s9999||||xx |||||||||||||| ||und||
100 1 |a يسرى الحامولى 
245 1 0 |a أغانى المناسبات الإجتماعية  
264 1 |a Qatar  |b muasasat alkhalij   |c 1991 
300 |a 153  |c 24 
942 |2 lcc  |c BK 
999 |c 58325  |d 58325